00929nam a2200253 a 450000100060000000300080000600500170001400800410003102000230007202000160009503500190011104000440013004100080017408200290018224501150021126000640032630000330039050000200042365000620044365000590050565000500056470000300061470000310064463237BD-RjUL20211209081155.0170129s1985 nyua b 001 0 eng  a0873521455 (pbk.)  a0873521447  a(BD-RjUL)63366 aDLCcDLCdDLCdOCoLCdDLCdBD-RjULbeng aeng00223a808.042072bPER 198500aPerspectives on research and scholarship in composition /cedited by Ben W. McClelland and Timothy R. Donovan. aNew York :bModern Language Association of America,cc1985. aix, 266 p. :bill. ;c23 cm. aIncludes index. 0aEnglish languagexRhetoricxStudy and teachingxResearch. 0aEnglish languagexComposition and exercisesxResearch. 0aReport writingxStudy and teachingxResearch.1 aMcClelland, Ben W.d1943-1 aDonovan, Timothy R.d1945-